Moskauer Tagebücher : wer wir sind und wer wir waren : Reisetagebücher, Texte, Briefe, Dokumente 1957-1989 /

Hlavní autor: Wolf, Christa, 1929-2011
Další autoři: Wolf, Gerhard, 1928-, Walenski, Tanja, 1968-
Jazyk: Němčina
Vydáno: Berlin : Suhrkamp, 2014
Vydání: Erste Auflage
Témata:
Fyzický popis: 266 stran : ilustrace, portréty, faksimile ; 23 cm
Knihy
Uloženo v:
LEADER 01968nam a22005172i 4500
001 001485086
003 CZ BrMZK
005 20160303065431.0
007 ta
008 150824s2014 gw ach e 000 0 ger
020 |a 978-3-518-42423-0  |q (vázáno) 
040 |a BOA001  |b cze  |e rda 
043 |a e-ru--- 
045 |a x5x8 
072 7 |a 821.112.2.09  |x Německá literatura, německy psaná (o ní)  |2 Konspekt  |9 11 
072 7 |a 929  |x Biografie  |2 Konspekt  |9 8 
080 |a 821.112.2-055.2  |2 MRF 
080 |a 929  |2 MRF 
080 |a 910.4  |2 MRF 
080 |a (470)  |2 MRF 
080 |a (093.3)  |2 MRF 
080 |a (0:82-6)  |2 MRF 
100 1 |a Wolf, Christa,  |d 1929-2011  |7 jn19990009239  |4 aut 
245 1 0 |a Moskauer Tagebücher :  |b wer wir sind und wer wir waren : Reisetagebücher, Texte, Briefe, Dokumente 1957-1989 /  |c Christa Wolf ; herausgegeben von Gerhard Wolf unter Mitarbeit von Tanja Walenski 
250 |a Erste Auflage 
264 1 |a Berlin :  |b Suhrkamp,  |c 2014 
300 |a 266 stran :  |b ilustrace, portréty, faksimile ;  |c 23 cm 
336 |a text  |b txt  |2 rdacontent 
337 |a bez média  |b n  |2 rdamedia 
338 |a svazek  |b nc  |2 rdacarrier 
504 |a Obsahuje bibliografické odkazy 
600 1 7 |a Wolf, Christa,  |d 1929-2011  |7 jn19990009239  |2 czenas 
648 4 |a 1957-1989 
648 4 |a 1951-1990 
648 7 |a 20.-21. století  |7 ch462155  |2 czenas 
650 0 7 |a německé spisovatelky  |7 ph123521  |y 20.-21. stol.  |2 czenas 
650 0 7 |a cesty a pobyt  |7 ph137578  |z Sovětský svaz  |y 1951-1990  |2 czenas 
651 7 |a Moskva (Rusko)  |7 ge130101  |2 czenas 
655 7 |a deníky  |7 fd132006  |2 czenas 
655 7 |a korespondence  |7 fd132681  |2 czenas 
700 1 |a Wolf, Gerhard,  |d 1928-  |7 jo2007399924  |4 edt 
700 1 |a Walenski, Tanja,  |d 1968-  |7 pna2015876995  |4 edt 
910 |a BOA001  |b NK-0007.357 
990 |a BK 
991 |b 201509  |c NOV  |x 44  |e n 
996 7 |b 261D009754  |c NK-0007.357  |l Německá knihovna/2.patro  |r ZHR  |n 3  |p dar  |h B-wol  |w 001520407  |u 000010  |a 0  |e BOA001  |j MZK50  |s A